| 000 | 01368nam1a2200349 i 4500 | ||
|---|---|---|---|
| 001 | RU\NLR\BIBL_A\012767247 | ||
| 005 | 20241102040618.0 | ||
| 010 | _a9785001880950 | ||
| 035 | _a(NLR Aleph) 012767247 | ||
| 090 |
_a13081194 _c13081194 |
||
| 100 | _a20220419d2021 k y0rusy50 ca | ||
| 101 | 0 | _arus | |
| 102 | _aRU | ||
| 105 | _a z | ||
| 181 | 0 |
_ai _baxxe |
|
| 182 | 0 | _an | |
| 200 | 1 |
_aЖизнь - движение воды в организме _eв 2 ч. _fА. С. Горшков, В. П. Кордюков |
|
| 203 |
_aТекст _bвизуальный _cнепосредственный |
||
| 210 |
_aСанкт-Петербург _cАстерион _d2021 |
||
| 215 | _d20 | ||
| 606 | 1 |
_aВода _xБиологическая роль _92144044 _3RU\NLR\AUTH\661596537 |
|
| 606 |
_aЗдоровье _xВлияние питьевой воды _91187767 _3RU\NLR\AUTH\66478916 |
||
| 606 | 1 |
_aПитьевая вода _xКачество _xГигиеническая оценка _91939407 _3RU\NLR\AUTH\66886158 |
|
| 686 | 1 | _aР123.026 | |
| 686 | 1 | _aЕ072.529 | |
| 686 | 1 | _aР121.251.1 | |
| 700 | 1 |
_aГоршков _bА. С. _gАлексей Сергеевич |
|
| 701 | 1 |
_aКордюков _bВ. П. _gВиктор Павлович |
|
| 852 |
_aNLR _j2022-8/1431 |
||
| 942 | _cBOOK | ||